| 000 | 00364nam a2200133Ia 4500 | ||
|---|---|---|---|
| 008 | 190216s9999||||xx |||||||||||||| ||und|| | ||
| 100 | _aAhluwalia. Vk And Sunita Shingra | ||
| 245 | 0 | _aComprehensive Practical Organic Chemistry Qualitative Analysis | |
| 250 | _a1st Ed. | ||
| 260 |
_bUniversities Press _c2000 |
||
| 300 | _a294 | ||
| 650 | _aChemistry | ||
| 942 | _cBK | ||
| 999 |
_c2955 _d2955 |
||